[Event "Moscow1"]
[Site "Moscow"]
[Date "1986.??.??"]
[Round "?"]
[White "Balashov, Yuri S"]
[Black "Taimanov, Mark E"]
[Result "1/2-1/2"]
[WhiteElo "2515"]
[BlackElo "2500"]
[Annotator "Bulletin"]
[PlyCount "79"]
[EventDate "1986.??.??"]
[EventType "tourn"]
[EventRounds "9"]
[EventCountry "URS"]
[SourceTitle "EXT 2000"]
[Source "ChessBase"]
[SourceDate "1999.11.16"]
[SourceVersion "1"]
[SourceVersionDate "1999.11.16"]
[SourceQuality "1"]

1. e4 c5 2. Nf3 Nc6 3. d4 cxd4 4. Nxd4 e6 5. Nc3 (5. c4 Nf6 6. Nc3 Bb4 $5 7.
Nxc6 bxc6 8. Bd3 e5 9. O-O O-O 10. Bd2 a5 $5 11. Na4 d5 12. Bg5 dxe4 13. Bxf6
Qxd3 14. Bxe5 Qxc4 $1 15. Nb6 Qb5 16. Nxa8 (16. Bd4 Bh3 $3) 16... Qxe5 17. Nb6
Bd6 18. g3 Be6 19. Qe2 e3 $1 20. Rac1 Bc5 21. f4 Qd4 22. Rfd1 Qb4 23. Nd7 Bc4
$1 24. Rxc4 Qxc4 25. Re1 $5 Qd5 26. Nxc5 $5 Qxc5 27. Qxe3) (5. Nxc6 bxc6 6. Bd3
Nf6 7. O-O d5 8. exd5 cxd5 9. c4 Be7 10. cxd5 Nxd5 11. Be4 O-O 12. Nc3 Ba6 13.
Nxd5 exd5 14. Bd3 Bxd3 15. Qxd3 Bf6) 5... a6 6. Be2 Qc7 (6... Nge7 {
Taimanowsystem}) (6... d6 {Scheveningersystem}) 7. f4 (7. Be3) (7. O-O) (7. a3
Nf6 (7... b5 8. Nxc6 Qxc6 9. Be3 Bb7 10. O-O) 8. O-O Nxd4 $5 9. Qxd4 Bd6 $5 10.
Kh1 Be5 11. Qd3 b5 12. f4 Bxc3 13. bxc3 Bb7 14. e5 Ne4) 7... b5 (7... Nf6 8. e5
) (7... Bb4 8. Nxc6 bxc6 9. Qd4) (7... Bc5 8. Be3 d6 9. Qd3 Nge7 10. O-O-O O-O
11. Nxc6 Bxe3+ 12. Qxe3 Qxc6 13. Rd3 Rd8 14. Rhd1) (7... Nxd4 8. Qxd4 Ne7 9.
Qf2 Nc6 10. Be3) 8. Nxc6 (8. Be3 Bb7 9. O-O Bc5 10. Nf5 $5 Nce7 11. Bxc5 Qxc5+
12. Qd4 Qxd4+ 13. Nxd4 b4 14. Na4) (8. a3 Bb7 9. Be3 Na5 $1 10. Qd3 Nc4 11. Bc1
Rc8 12. Nd1 Nf6 13. Nf2 e5 $1 14. fxe5 Nxe5 15. Qg3 Bc5) 8... Qxc6 9. Bf3 (9.
O-O $6 b4 10. Nb1 Nf6 11. e5 Nd5) (9. Be3 $6 Ba3 $1 10. Rb1 Bxb2 11. Rxb2 Qxc3+
12. Bd2 Qxb2) 9... Bb7 10. Be3 Rc8 $5 (10... Bb4 $5 11. Bd4 Nf6 12. O-O (12.
Bxf6 gxf6 13. Qd4 Qc5 $5) (12. e5 Ne4) 12... Bxc3 13. Bxc3 Nxe4 14. Bxg7 Rg8
15. Bd4 f5 $5 16. c3 d6 17. a4 Qd7 $5) 11. a3 (11. e5 Qc7 12. O-O Ne7 13. Bxb7
Qxb7 14. Qd3 Nf5 15. Bf2 h5) (11. O-O Bc5 12. Bf2 (12. Bxc5 Qxc5+ 13. Rf2 Ne7
14. e5 Bxf3 15. Qxf3 d6) 12... Qc7 13. e5 f5 $5 14. Bxb7 Qxb7 15. a3 Ne7) (11.
Qd4 Qd6 $5 12. Qa7 Qb8 13. Qxb8 Rxb8) 11... Qc4 $5 12. Qd4 Qxd4 13. Bxd4 Ne7
14. O-O-O Nc6 15. Bb6 d6 16. Rd2 (16. a4 bxa4 17. Nxa4 Nb8) 16... g5 $5 17.
fxg5 (17. g3 $2 gxf4 18. gxf4 Bh6) 17... Ne5 18. Bd4 h6 19. g6 $1 fxg6 20. Bg4
Ke7 21. Bxe5 dxe5 22. Rhd1 Rc7 23. Rd6 Bc8 24. Na2 $5 h5 25. Be2 Rd7 26. Rxd7+
Bxd7 27. Nb4 a5 28. Nd3 Bg7 29. b4 $5 axb4 30. axb4 Bc6 31. Bf3 g5 32. h3 g4
33. hxg4 hxg4 34. Bxg4 Bxe4 35. Bf3 Bxf3 36. gxf3 Rf8 37. Rg1 Bh6+ 38. Kd1 Rxf3
39. Nxe5 Rf5 40. Nd3 1/2-1/2

[Event "German Masters (Women) 1st"]
[Site "Dresden"]
[Date "2014.11.19"]
[Round "3"]
[White "Osmanodja, Filiz"]
[Black "Melamed, Tatiana"]
[Result "1/2-1/2"]
[WhiteElo "2322"]
[BlackElo "2323"]
[Annotator "CB"]
[PlyCount "112"]
[EventDate "2014.11.17"]
[EventType "tourn"]
[EventRounds "9"]
[EventCountry "GER"]
[EventCategory "4"]
[SourceTitle "CBM 163 Extra"]
[Source "ChessBase"]
[SourceDate "2014.12.23"]
[SourceVersion "1"]
[SourceVersionDate "2014.12.23"]
[SourceQuality "1"]

1. e4 c5 2. Nf3 e6 3. d4 cxd4 4. Nxd4 Nc6 5. Nc3 Qc7 6. Be2 a6 7. O-O Nf6 8.
Be3 Bb4 9. Na4 O-O 10. Nxc6 bxc6 11. f4 Be7 12. Bd3 c5 13. c4 d6 14. Nc3 Bb7
15. Qf3 Rad8 16. Qh3 Rfe8 17. Rae1 Nd7 18. Ne2 {hier brauchte sie einige Zeit
um zu verstehen, wie man sich hier am Besten verteidigen könnte, eine Aufgabe,
die alles andere als einfach ist.} (18. Rf3 {auf diese Vorgängerpartie
spielte Tatjana in der anschließenden Analyse an.} Nf8 19. f5 Bf6 20. fxe6
Rxe6 21. Nd5 Bxd5 22. exd5 Rxe3 23. Rfxe3 Bd4 24. Kh1 Bxe3 25. Qxe3 Qb8 26. Qe7
Nd7 27. Bc2 Ne5 28. Ba4 Ng6 29. Qg5 h6 30. Qd2 Ne5 31. b3 Qc7 32. h3 Rf8 33.
Rxe5 dxe5 34. d6 Qd8 35. Qd5 Qg5 36. Qxc5 Qc1+ 37. Kh2 Qf4+ 38. Kg1 Qc1+ 39.
Kh2 Qf4+ 40. Kh1 Qc1+ {1/2-1/2 (40) Shirov,A (2726)-Anand,V (2784) Wijk aan
Zee 1999}) (18. e5 {war während der Live-Kommentierung mein Vorschlag, um
direkt die schwarze Stellung unter Druck zu setzen.} g6 19. f5 {ist zu viel.}
exf5 20. Bxf5 gxf5 21. Rxf5 Nxe5 $19) 18... Nf8 19. Ng3 Bf6 20. Nh5 Bxb2 21.
Rb1 Bd4 22. Bxd4 cxd4 23. Qg4 Ng6 24. f5 {beide spielen die besten Zuge, ein
starke Leistung in er so komplizierten Situation.} exf5 25. exf5 Bc8 26. Rf3 d5
27. c5 Kh8 28. Qxd4 Ne5 29. Rg3 Rg8 30. Bc2 Nd7 $6 {Die erste Ungenauigkeit in
der Partie von einer Spielerin, beide haben bis an diese Stelle ihre Klasse
unter Beweis gestellt.} 31. Rc3 (31. Rxg7 {wäre die erste Verbesserung des
weißen Spiels gewesen.} Qxc5 32. Qxc5 Nxc5 33. Rxf7 {diese einfache Lösung
hatte anscheind keine der beiden auf der Rechnung.}) 31... Qe5 32. Rd1 Rge8 33.
Nf4 (33. c6 Nb6 34. Nf4 {dann droht, im Vergleich zur Partie, nicht der
c-Bauer verloren zu gehen.}) 33... Nf6 34. Ne6 (34. Qxe5 Rxe5 35. c6 {der
weiße Trumpf ist der c-Bauer. Sobald Schwarz diesen bekommt, hat Weiß kaum
Gewinnchancen.}) 34... Qxd4+ 35. Nxd4 Ne4 36. Ra3 (36. Bxe4 dxe4 {wäre eine
Alternative gewesen. aber jetzt wird der f5 schwach, da der Springer gefesselt
ist.}) 36... Nxc5 37. Ra5 Ne4 38. Nc6 Rd7 39. Raxd5 Rxd5 40. Rxd5 Bb7 41. Rd8
Nf6 42. Rxe8+ Nxe8 43. Nd8 Bd5 44. Bb3 Bxb3 45. axb3 {Ein langweiliges
Endspiel? Das mögen viele gedacht haben, es wurde aber nochmal spannend.} Nd6
46. g4 (46. b4 {war der Vorschlag der anwesenden Spielerinnen, aber auch hier
gibt es Wege zum Remis.} h5 47. Nc6 Nxf5 48. Nb8 Kg8 49. Nxa6 Kf8 $11) 46...
Kg8 47. Nc6 h5 48. gxh5 Kh7 49. Nb8 a5 50. Nc6 Nb7 51. Kf2 Kh6 52. Ke3 Kxh5 53.
Kf4 f6 54. b4 {versucht die Probleme sofort zu lösen, macht es aber eher
schlimmer.} a4 55. b5 a3 56. Nb4 Nd6 (56... Nd6 {ich war sehr verwundert, dass
hier bereits Remis gemacht wurde, denn wenn Schwarz weiterspielt, muss Weiß
eune Reihe einziger Züge finden.} 57. b6 Kh4 58. Na2 Kh3 59. Kf3 Kxh2 60. Ke2
Nxf5 61. Kd3 Nd6 62. Kd4 f5 63. Kc5 Nb7+ 64. Kc6 f4 65. Kxb7 f3 66. Ka7 f2 67.
b7 f1=Q 68. b8=Q+ $11) 1/2-1/2

[Event "Dilijan FIDE GP (Women)"]
[Site "Dilijan"]
[Date "2013.06.21"]
[Round "5"]
[White "Kosintseva, Tatiana"]
[Black "Dzagnidze, Nana"]
[Result "1-0"]
[WhiteElo "2526"]
[BlackElo "2550"]
[Annotator "CB"]
[PlyCount "91"]
[EventDate "2013.06.16"]
[EventType "tourn"]
[EventRounds "11"]
[EventCountry "ARM"]
[EventCategory "11"]
[SourceTitle "CBM 155"]
[Source "ChessBase"]
[SourceDate "2013.07.16"]
[SourceVersion "1"]
[SourceVersionDate "2013.07.16"]
[SourceQuality "1"]

{A well known Paulsen variation of the Sicilian. Right after the opening
Dzagnidze blundered.} 1. e4 c5 2. Nf3 e6 3. d4 cxd4 4. Nxd4 Nc6 5. Nc3 Qc7 6.
Be2 Nf6 7. Be3 a6 8. O-O Bb4 9. Na4 Be7 10. Nxc6 bxc6 11. Nb6 Rb8 12. Nxc8 Qxc8
13. Bd4 c5 14. Be5 Rb6 15. Qd3 O-O 16. b3 d6 17. Bb2 Nd7 18. Rad1 Bf6 19. Bc1
Rd8 20. f4 Nb8 21. Qg3 Nc6 22. c3 a5 23. f5 Ne5 $2 24. fxe6 Kh8 ({and now
Black cannot play} 24... Qxe6 {as after} 25. Rxf6 $1 Qxf6 26. Bg5 {she loses a
rook.}) 25. exf7 Rf8 26. Bf4 Rxf7 27. h3 Ra7 28. Qf2 Ra8 29. g4 Qe6 30. g5 Be7
31. Qe3 Rf8 32. Bxe5 Qxe5 33. Rxf8+ Bxf8 34. Rf1 Rb8 35. Rf5 Qe8 36. Qf4 Be7
37. h4 Rd8 38. Bc4 a4 39. Bf7 Qd7 40. Bd5 axb3 41. axb3 Qa7 42. Kg2 Qa2+ 43.
Kh3 Qe2 44. Rf7 Qd3+ 45. Qg3 Qd1 46. Qf2 1-0

[Event "Jermuk FIDE GP (Women)"]
[Site "Jermuk"]
[Date "2012.07.19"]
[Round "3"]
[White "Ruan, Lufei"]
[Black "Mkrtchian, Lilit"]
[Result "1-0"]
[WhiteElo "2483"]
[BlackElo "2450"]
[Annotator "CB"]
[PlyCount "85"]
[EventDate "2012.07.16"]
[EventType "tourn"]
[EventRounds "11"]
[EventCountry "ARM"]
[EventCategory "11"]
[SourceTitle "CBM 150"]
[Source "ChessBase"]
[SourceDate "2012.09.14"]
[SourceVersion "1"]
[SourceVersionDate "2012.09.14"]
[SourceQuality "1"]

{White dominated play from the outset, garnering the initiative from the
opening, and making most of Black's somewhat passive positional display.} 1. e4
c5 2. Nf3 e6 3. d4 cxd4 4. Nxd4 Nc6 5. Nc3 Qc7 6. Be2 a6 7. O-O Nf6 8. Be3 Bb4
9. Na4 Be7 10. Nxc6 bxc6 11. Nb6 Rb8 12. Nxc8 Qxc8 13. Bd4 c5 14. Be5 Rb6 15.
Qd3 d6 16. Bc3 O-O 17. b3 d5 18. exd5 Nxd5 19. Be5 Bf6 20. Bxf6 Nxf6 21. Rad1
h6 22. Rd2 Qc7 23. Rfd1 g6 $2 (23... a5 $5 24. Bf3 a4 {to free herself of the
weak pawn.}) 24. h3 {and subsequently White ratcheted up the pressure and
pressed on to victory.} e5 25. Qe3 Kg7 26. a4 Re8 27. Bc4 Rc6 28. Qe2 Qb6 29.
Qf3 Re7 30. Rd8 Qc7 31. Ra8 Rd7 32. Rxa6 Rxa6 33. Bxa6 Rxd1+ 34. Qxd1 Qa5 35.
Bc4 Qc3 36. Qe2 Qa1+ 37. Kh2 e4 38. Qe3 Qe5+ 39. Qg3 Qe7 40. a5 e3 41. Qxe3
Qc7+ 42. g3 Qxa5 43. Qe7 1-0

[Event "Asia-chT fin 11th"]
[Site "Singapore"]
[Date "1995.12.21"]
[Round "8"]
[White "Wang, Zili"]
[Black "Khatanbaatar, Bazar"]
[Result "0-1"]
[WhiteElo "2525"]
[BlackElo "2440"]
[Annotator "Chekhov,V"]
[PlyCount "60"]
[EventDate "1995.12.14"]
[EventType "team"]
[EventRounds "9"]
[EventCountry "SIN"]
[SourceTitle "CBM 050 Extra"]
[Source "ChessBase"]
[SourceDate "1996.03.01"]
[SourceVersion "1"]
[SourceVersionDate "1996.03.01"]
[SourceQuality "1"]
[WhiteTeam "China"]
[BlackTeam "Mongolia"]
[WhiteTeamCountry "CHN"]
[BlackTeamCountry "MGL"]

1. e4 c5 2. Nf3 Nc6 3. d4 cxd4 4. Nxd4 Qc7 5. Nc3 e6 6. Be2 a6 7. O-O Nf6 8.
Be3 Bb4 9. Na4 O-O (9... d5 $6 10. Nxc6 bxc6 11. exd5 Nxd5 12. Bd4 c5 13. c3
cxd4 14. cxb4 e5 15. Bf3 Be6 16. Nc5 Qd6 17. Re1 $36 {Anand,V-Karpov,An/Buenos
Aires/1994/1|0/62/}) (9... Be7 10. Nxc6 bxc6 11. Nb6 Rb8 12. Nxc8 Qxc8 13. e5
Nd5 14. Bc1 Bc5 15. Qd3 O-O 16. Qg3 Re8 17. Rd1 $14 {Salov,V-Karpov,A/Buenos
Aires/1994/1|0/62/}) 10. c4 (10. Nxc6 $5 bxc6 11. f4 Rb8 12. Bd3 Be7 13. c4 d6
14. g4 c5 15. g5 Nd7 16. Rf2 g6 17. h4 $36 {Shirov,A-Hjartarson,J/Lucerne/1993/
1|0/40/}) 10... Bd6 11. f4 (11. g3 Nxe4 12. Bf3 f5 13. c5 Be5 $132) 11... Nxe4
12. Nxc6 bxc6 13. c5 $6 (13. Bd3 $5 Nf6 14. c5 Be7 15. Bd4 Rd8 16. Rf3 Rb8 17.
a3 Kf8 18. Qc2 d6 $132 {Timoshenko,G-Tregubov,P/Alushta/1994/0|1/38/}) 13...
Be7 14. Qd4 $5 (14. Bd3 d5 15. cxd6 Nxd6) 14... Nf6 15. Bf3 (15. Bd3 $5 Rd8 16.
Rf3 d6) 15... Nd5 16. Bd2 Bb7 17. Rac1 Rad8 18. f5 Bf6 (18... exf5 19. Bxd5
cxd5 20. Rxf5 $16) 19. Qf2 exf5 (19... Rfe8 $5) 20. Bxd5 cxd5 21. Qxf5 Qc6 22.
b3 d4 23. Qg4 (23. Rf3 Qe6 $1 $17) 23... Rde8 $17 24. Nb6 h5 $1 25. Qh3 Re2 26.
Rf2 Rfe8 27. Qxd7 (27. Nxd7 Rxf2 28. Kxf2 Bh4+ 29. Kf1 d3 30. Nb6 Re2 $19)
27... d3 28. Qxc6 Bxc6 29. Rxe2 Rxe2 30. Nc4 Bd4+ (30... Bd4+ 31. Kf1 Bxg2#)
0-1

[Event "EU-chT 07th Final"]
[Site "Skara"]
[Date "1980.01.25"]
[Round "6.1"]
[White "Tal, Mihail"]
[Black "Liberzon, Vladimir Mikhailovi"]
[Result "1/2-1/2"]
[WhiteElo "2705"]
[BlackElo "2545"]
[Annotator "ChessBase"]
[PlyCount "76"]
[EventDate "1980.01.20"]
[EventType "team-tourn"]
[EventRounds "7"]
[EventCountry "SWE"]
[SourceTitle "EU-chT"]
[Source "ChessBase"]
[SourceDate "1999.07.01"]
[SourceVersion "2"]
[SourceVersionDate "1999.07.01"]
[SourceQuality "1"]
[WhiteTeam "Soviet Union"]
[BlackTeam "Israel"]
[WhiteTeamCountry "URS"]
[BlackTeamCountry "ISR"]

1. e4 c5 2. Nf3 e6 3. d4 cxd4 4. Nxd4 Nc6 5. Nc3 Qc7 6. Be2 a6 7. O-O Nf6 8.
Be3 Bb4 9. Na4 O-O 10. Nxc6 bxc6 11. Nb6 Rb8 12. Nxc8 Rfxc8 13. Bxa6 Rd8 14.
Bd3 Bd6 15. Kh1 Be5 16. c3 Rxb2 17. Qc1 Ng4 18. f4 Nxe3 19. Qxb2 Bxf4 20. Qf2
Nxf1 21. Rxf1 g5 22. g3 Qd6 23. Be2 Be5 24. Qxf7+ Kh8 25. Rd1 Qc7 26. Bg4 (26.
c4 Bg7 $1 27. Qe7 h6 28. Bg4 Bf8 $10) 26... d5 27. Qxe6 Bxc3 28. exd5 cxd5 29.
Bf3 (29. Rxd5 Rxd5 30. Qxd5 $14) 29... Qe5 30. Qxe5+ Bxe5 31. Bxd5 Kg7 32. Kg2
g4 33. a4 Bc3 34. h3 gxh3+ 35. Kxh3 Ba5 36. Kg4 Rd6 37. Kf5 Bc7 38. Rd3 Rg6 (
38... Rg6 39. g4 Rf6+ 40. Ke4 Rf4+ $10) 1/2-1/2

[Event "Interzonal-14b"]
[Site "Szirak"]
[Date "1987.??.??"]
[Round "9"]
[White "Bouaziz, Slim"]
[Black "Andersson, Ulf"]
[Result "1/2-1/2"]
[WhiteElo "2370"]
[BlackElo "2600"]
[Annotator "ChessBase"]
[PlyCount "66"]
[EventDate "1987.07.??"]
[EventType "tourn"]
[EventRounds "17"]
[EventCountry "HUN"]
[EventCategory "12"]
[SourceTitle "CBM 003"]
[Source "ChessBase"]
[SourceDate "1988.04.01"]
[SourceVersion "1"]
[SourceVersionDate "1988.04.01"]
[SourceQuality "1"]

1. e4 c5 2. Nf3 e6 3. d4 cxd4 4. Nxd4 Nc6 5. Nc3 a6 6. Be2 Qc7 7. Be3 Nf6 8.
O-O Bb4 9. Na4 Be7 10. Nxc6 bxc6 11. Nb6 Rb8 12. Nxc8 Qxc8 13. e5 Nd5 14. Bc1
Bc5 15. c4 Ne7 16. Kh1 (16. b3 Qc7 17. Bb2 Ng6 (17... d6) 18. Qd2 O-O $10)
16... O-O (16... Qc7) 17. b3 Qc7 18. Bb2 Ng6 19. Bd3 Rbd8 20. Qh5 d6 21. exd6
Bxd6 22. Rad1 c5 23. g3 Rfe8 24. f4 Qc6+ 25. Kg1 f5 26. Be2 $10 Be7 27. Qf3 Qb6
28. Rxd8 Rxd8 29. Rd1 Rxd1+ 30. Bxd1 Kf7 31. Bc3 Bf6 32. Be1 Bd4+ 33. Kg2 Nf8
1/2-1/2

[Event "Khanty-Mansiysk FIDE GP (Women)"]
[Site "Khanty-Mansiysk"]
[Date "2014.04.10"]
[Round "2"]
[White "Lagno, Kateryna"]
[Black "Girya, Olga"]
[Result "1-0"]
[WhiteElo "2543"]
[BlackElo "2450"]
[Annotator "ChessBase Website"]
[PlyCount "81"]
[EventDate "2014.04.09"]
[EventType "tourn"]
[EventRounds "11"]
[EventCountry "RUS"]
[EventCategory "10"]
[SourceTitle "CBM 160"]
[Source "ChessBase"]
[SourceDate "2014.05.15"]
[SourceVersion "1"]
[SourceVersionDate "2014.05.15"]
[SourceQuality "1"]
[TimeControl "40/5400+30:1800+30"]
[WhiteClock "1:30:00"]
[BlackClock "1:30:00"]

1. e4 {[%emt 0:00:00]} c5 {[%emt 0:00:00]} 2. Nf3 {[%emt 0:00:15]} e6 {[%emt 0:
00:00]} 3. d4 {[%emt 0:00:11]} cxd4 {[%emt 0:00:00]} 4. Nxd4 {[%emt 0:00:03]}
Nc6 {[%emt 0:00:01]} 5. Nc3 {[%emt 0:00:12]} Qc7 {[%emt 0:00:06]} 6. Be3 {
[%emt 0:00:37]} a6 {[%emt 0:00:15]} 7. Be2 {[%emt 0:00:45]} b5 {[%emt 0:00:53]
Girya used a quick b5 in the Paulsen set-up, which has been tried at the top
level but only in blitz. The experiment was not completely unsuccessful as
Black obtained a playable position from the opening, but from that moment all
it was the Ukrainian that swarmed the board. deflection:} 8. Nxc6 {[%emt 0:01:
10]} Qxc6 {[%emt 0:00:14]} 9. e5 {[%emt 0:04:44]} (9. Bf3 Bb7 10. O-O Qc7 11.
Qd2 Rc8 12. Rad1 d6 13. a3 Nf6 14. Bf4 Nd7 15. Bxd6 Bxd6 16. Qxd6 Qxd6 17. Rxd6
Ke7 18. Rfd1 Ne5 19. Be2 g5 20. f3 Rc7 21. Kf2 Rhc8 22. R6d2 h5 23. Rc1 h4 24.
Nd1 g4 25. Ne3 Rg8 26. c4 g3+ 27. hxg3 hxg3+ 28. Ke1 Ng6 29. Rdc2 bxc4 30. Rxc4
Rd7 31. Rd1 Nf4 32. Rxd7+ Kxd7 33. e5 Nd5 34. Nxd5 Bxd5 35. Rf4 Ke7 36. Rh4 Rg5
37. f4 Rg8 {0-1 (37) Karjakin,S (2756)-Wang,Y (2723) Beijing 2013}) 9... Qc7 {
[%emt 0:03:37]} 10. Bf3 {[%emt 0:16:08]} Bb7 {[%emt 0:00:49]} 11. O-O {[%emt 0:
10:51]} Rc8 {[%emt 0:00:36]} 12. Bxb7 {[%emt 0:02:00]} Qxb7 {[%emt 0:00:04]}
13. Qd3 {[%emt 0:01:43]} f5 {[%emt 0:04:39]} 14. a4 $146 {[%emt 0:11:31]} (14.
exf6 Nxf6 15. Bd4 Be7 16. Bxf6 gxf6 17. Rfe1 Rg8 18. g3 f5 19. Rad1 Rc4 20. Qe2
Rg6 21. Rd3 Qc6 22. Nd1 f4 23. c3 fxg3 24. hxg3 Rf4 25. Qh5 Rf7 26. Ree3 Rgf6
27. Re5 Qc4 28. Rd2 Qxa2 29. Rg5 Bf8 30. Rg8 Rf5 31. Qh1 Rd5 32. Rxd5 Qxd5 33.
Qxd5 exd5 34. Ne3 d4 35. cxd4 Ke7 36. Rg5 Kd6 37. Rc5 Ke6 38. Rc8 Bg7 39. d5+
Kd6 40. b3 Bd4 41. Ra8 Bxe3 42. fxe3 Kxd5 43. Rxa6 Kc5 {Dragun,K (2520)
-Zhigalko,A (2603) Legnica 2013 0-1 (69)}) 14... b4 {[%emt 0:00:43]} 15. Ne2 {
[%emt 0:08:57]} Ne7 {[%emt 0:07:56]} 16. c4 {[%emt 0:02:08]} Nc6 {[%emt 0:23:
50]} 17. f4 {[%emt 0:00:21]} b3 {[%emt 0:02:27]} 18. a5 {[%emt 0:04:11]} Nb4 {
[%emt 0:06:16]} 19. Qxb3 {[%emt 0:02:04]} Qe4 {[%emt 0:00:31]} 20. Nd4 {
[%emt 0:12:44]} Nd3 {[%emt 0:17:52]} 21. Rf3 {[%emt 0:00:04]} g5 {[%emt 0:02:
01]} 22. Rd1 {[%emt 0:03:06]} g4 {[%emt 0:03:38]} 23. Rxd3 {[%emt 0:00:13] An
interesting exchange sacrifice gave Lagno the initiative as compensation, and
Girya's response was less than precise. A series of quick punches gave Lagno a
winning endgame that she finished off with the following nice} gxf3 {[%emt 0:
00:09]} 24. gxf3 {[%emt 0:01:25]} Qa8 {[%emt 0:00:53]} 25. Qa4 {[%emt 0:00:05]}
Bc5 {[%emt 0:03:12]} 26. Nxf5 {[%emt 0:04:56]} Rg8+ {[%emt 0:16:24]} 27. Kf2 {
[%emt 0:00:29]} Qc6 {[%emt 0:01:44]} 28. Qxc6 {[%emt 0:00:40]} Rxc6 {[%emt 0:
00:06]} 29. Bxc5 {[%emt 0:01:27]} exf5 {[%emt 0:00:10]} 30. b4 {[%emt 0:00:11]}
Rh6 {[%emt 0:01:26]} 31. b5 {[%emt 0:01:29]} Rxh2+ {[%emt 0:00:07]} 32. Ke3 {
[%emt 0:00:01]} Ra2 {[%emt 0:02:25]} 33. b6 {[%emt 0:05:08]} Rb2 {[%emt 0:01:
02]} 34. Ba3 {[%emt 0:00:28]} Rb1 {[%emt 0:00:38]} 35. e6 {[%emt 0:00:03]} Rg7
{[%emt 0:01:51]} 36. Bf8 {[%emt 0:01:33]} Kxf8 {[%emt 0:00:47]} 37. exd7 {
[%emt 0:00:04]} Re7+ {[%emt 0:00:28]} 38. Kd2 {[%emt 0:00:17]} Rxd7 {[%emt 0:
00:37]} 39. Rxd7 {[%emt 0:00:05]} h5 {[%emt 0:00:21]} 40. b7 {[%emt 0:00:00]}
Ke8 {[%emt 0:00:00]} 41. Rc7 {[%emt 0:00:30]} 1-0

[Event "URS-chT Cup 07th final A"]
[Site "Rostov on Don"]
[Date "1971.08.??"]
[Round "5.3"]
[White "Balashov, Yuri S"]
[Black "Liberzon, Vladimir Mikhailovi"]
[Result "1/2-1/2"]
[WhiteElo "2570"]
[BlackElo "2540"]
[Annotator "ChessBase/Liberzon"]
[PlyCount "75"]
[EventDate "1971.08.06"]
[EventType "team-tourn"]
[EventRounds "5"]
[EventCountry "URS"]
[SourceTitle "EXT 2015"]
[Source "ChessBase"]
[SourceDate "2014.11.20"]
[SourceVersion "1"]
[SourceVersionDate "2014.11.20"]
[SourceQuality "1"]
[WhiteTeam "Burevestnik"]
[BlackTeam "Soviet Army"]
[WhiteTeamCountry "URS"]
[BlackTeamCountry "URS"]

1. e4 {1)Shakhmatno-Shashechnyij Byulleteny 11 Moskva 1971. p.7-9 [Liberzon]}
c5 2. Nf3 e6 3. d4 cxd4 4. Nxd4 a6 5. Nc3 Nc6 6. Be2 Qc7 7. O-O Nf6 8. Be3 Bb4
9. Na4 O-O (9... Bd6 10. Nb6 Qxb6 11. Nxe6 Qxb2 12. Nxg7+ Kf8 13. Bh6 $40 {
Liberzon} (13. Qxd6+ $145 Kxg7 14. Qg3+ Kf8 15. Rab1 Qe5 16. Bh6+ Ke7 17. Bf4
$18)) 10. Nxc6 dxc6 (10... bxc6 {main line}) 11. c4 Bd6 12. f4 $1 Nxe4 13. c5
Be7 14. Nb6 (14. Qc2 f5 15. Nb6 Rb8 16. Rad1 Kh8 17. Bf3 e5 18. fxe5 Ng5 19.
Be2 Be6 20. Rd6 Bxd6 21. exd6 Qd8 22. Bc4 f4 23. Bxf4 Rxf4 24. Rxf4 Nh3+ 25.
gxh3 Qg5+ 26. Rg4 Bxg4 27. hxg4 Qxc5+ 28. Qf2 Qxd6 29. Bf1 Rf8 30. Qe3 Qd8 31.
Nc4 Re8 32. Qd3 Qxd3 33. Bxd3 b5 34. Na5 Rd8 35. Bf1 Rd2 36. b4 Rxa2 37. Nxc6
Rb2 38. g5) 14... Rb8 15. Qc2 f5 (15... Nf6 16. Bd4 Nd7 17. Rad1 $14) 16. Rad1
$16 Kh8 (16... e5 17. b4 Kh8 (17... Bf6 $2 {[#]} 18. Bc4+ $18 Kh8 19. fxe5 Qxe5
(19... Bxe5 20. Qxe4) 20. Bf4 $18)) 17. Bf3 (17. Qc4) 17... e5 18. fxe5 Ng5 19.
Be2 Be6 {[#]} (19... Qxe5 20. Bd4 Qc7 (20... Qe4 $145 21. Qd2 f4 22. Qc3 Ne6
23. Nxc8 Nxd4 24. Rxd4 Qxe2 25. Nxe7 Qxe7 $11) 21. Qc3 Bf6 22. Bxf6 Rxf6 23.
Qe5 $18 {Liberzon}) 20. Rd6 $16 Bxd6 21. exd6 Qd8 22. Bc4 {[#]} (22. Bd3) 22...
f4 $1 $11 23. Bxf4 (23. Bd4 $142) 23... Rxf4 $15 (23... Nh3+) 24. Rxf4 Nh3+ 25.
gxh3 Qg5+ 26. Rg4 Bxg4 27. hxg4 Qxc5+ 28. Qf2 Qxd6 $15 29. Bf1 $2 (29. Be2 $142
) 29... Rf8 $19 30. Qe3 {[#]} (30. Nc4 Rxf2 31. Nxd6 Rxb2 32. a4 b5 $19) 30...
Qd8 $2 (30... Qd1 $19 31. Qe2 Qd4+ 32. Kg2 Qxb6 $19) 31. Nc4 (31. Kg2) 31...
Re8 {[#]} (31... Qd1 32. Qe2 Qd4+ 33. Kg2 b5 $15) 32. Qd3 (32. Nd6 $1 $11 Rxe3
33. Nf7+ Kg8 34. Nxd8 $11) 32... Qxd3 33. Bxd3 b5 $15 34. Na5 Rd8 (34... Re1+
35. Kf2 Ra1 36. b4 Rxa2+ 37. Ke3 Rxh2 38. Nxc6 g6 $15) 35. Bf1 $11 Rd2 36. b4
Rxa2 37. Nxc6 Rb2 38. g5 $11 1/2-1/2

[Event "Kstovo op"]
[Site "Kstovo"]
[Date "1994.??.??"]
[Round "9"]
[White "Varavin, Viktor"]
[Black "Tunik, Gennady"]
[Result "1-0"]
[WhiteElo "2510"]
[BlackElo "2450"]
[Annotator "Dolmatov,S"]
[PlyCount "45"]
[EventDate "1994.08.??"]
[EventType "swiss"]
[EventRounds "9"]
[EventCountry "RUS"]
[SourceTitle "CBM 042 Extra"]
[Source "ChessBase"]
[SourceDate "1994.11.01"]
[SourceVersion "1"]
[SourceVersionDate "1994.11.01"]
[SourceQuality "1"]

{CBM 43} 1. e4 c5 2. Nf3 Nc6 3. d4 cxd4 4. Nxd4 e6 5. Nc3 a6 6. Be2 Qc7 7. O-O
Nf6 8. Be3 Bb4 9. Na4 Be7 (9... O-O) 10. c4 (10. Nxc6 bxc6 11. Nb6 Rb8 12. Nxc8
Qxc8 13. e5 Nd5 14. Bc1 Bc5 $13) 10... Nxe4 (10... O-O 11. Nxc6 bxc6 12. Nc3
$16) 11. Bf3 Nf6 (11... Nc5 $2 12. Nxc6 Nxa4 13. Nxe7 Nxb2 14. Qd4 Nxc4 15.
Rac1 d5 16. Qxg7 $18) (11... d5 $2 12. Nb6 Rb8 (12... Qxb6 13. Nxe6 $40) 13.
cxd5 $16) (11... Ng5 $5 12. c5 $44 (12. Be2 Ne4) (12. Bxc6 bxc6 13. Qg4 (13. h4
Ne4 14. Qg4 Nf6 15. Qxg7 Rg8 $15) 13... h5 $15)) (11... f5 $5 12. Nxc6 bxc6 13.
Bxe4 fxe4 14. c5 O-O 15. Qd4 $14) 12. c5 O-O 13. Rc1 $44 Rd8 (13... Nxd4 14.
Qxd4 d5 15. cxd6 Qxd6 16. Nb6 Rb8 17. Rfd1 $16) (13... Ne5 14. Bf4 $16) 14. Qb3
Ne5 (14... Bf8 15. Rfd1 $16) 15. Bf4 Nxf3+ $2 (15... d5 $5 16. Kh1 $5 (16. cxd6
Qxd6 17. Rfd1 Nxf3+ 18. Qxf3 Qb4) 16... Nfd7 17. c6 $40) 16. Qxf3 e5 17. Nf5
$18 Re8 (17... Bf8 18. Bg5) 18. Nb6 Rb8 19. Qg3 $1 Nh5 20. Bxe5 d6 21. cxd6
Qxb6 22. Nxe7+ Kf8 23. Qg5 1-0